[Event "Sagua la Grande"]
[Site "Sagua la Grande"]
[Date "1989.??.??"]
[Round "5"]
[White "Santa Torres, Juan"]
[Black "Arencibia, Juan Joel"]
[Result "0-1"]
[WhiteElo "2215"]
[BlackElo "2405"]

1.d4 Nf6 2.c4 e6 3.Nf3 Bb4+ 4.Nbd2 b6 5.a3 Bxd2+ 6.Qxd2 Bb7 7.e3 d6 8.Be2 O-O
9.O-O Nbd7 10.b4 Ne4 11.Qc2 f5 12.d5 e5 13.Bd3 a5 14.bxa5 Rxa5 15.Bxe4 fxe4
16.Qxe4 b5 17.Qc2 bxc4 18.e4 Nc5 19.Bd2 Ra8 20.Bb4 Nb3 21.Rad1 Ba6 22.Rfe1 Qf6
23.Qb2 Rf7 24.Re3 Raf8 25.Qe2 Nd4 26.Nxd4 exd4 27.Rf3 Qe5 28.Rxf7 Rxf7 29.f3 Rf8
30.Be1 Rb8 31.Bg3 d3 32.Qd2 Qb2 33.Qa5 c3 34.Qxa6 c2 35.Qxd3 c1=Q 36.Rxc1 Qxc1+
37.Qf1 Qc2 38.Be1 Rb1 39.Qf2 Qc3 40.Kf1 Qxa3 41.Qd2 h6 42.h4 Rb2 43.Qd4 Qa2  0-1

[Event "Sagua la Grande"]
[Site "Sagua la Grande"]
[Date "1989.??.??"]
[Round "7"]
[White "Santa Torres, Juan"]
[Black "Estevez, Guillermo"]
[Result "0-1"]
[WhiteElo "2215"]
[BlackElo "2405"]

1.d4 Nf6 2.c4 e6 3.Nf3 Bb4+ 4.Nbd2 O-O 5.a3 Bxd2+ 6.Bxd2 Ne4 7.g3 d6 8.Bg2 f5
9.O-O Nd7 10.Qc2 Ndf6 11.b4 Qe8 12.Ng5 Nxd2 13.Qxd2 Qh5 14.Rac1 h6 15.Nf3 Bd7
16.Ne1 Rad8 17.Nd3 e5 18.e3 f4 19.exf4 e4 20.Ne1 Bh3 21.f3 Rde8 22.Bxh3 Qxh3
23.fxe4 Rxe4 24.Nf3 Rfe8 25.Rce1 Qg4 26.Rxe4 Rxe4 27.Kg2 Qe6 28.Re1 Qxc4
29.Rxe4 Nxe4 30.Qb2 b5 31.Nh4 Nf6 32.Nf3 Qd5 33.Qe2 Kf7 34.h3 Qe4  0-1

[Event "San Mateo rapid"]
[Site "San Mateo"]
[Date "1989.??.??"]
[Round "?"]
[White "Browne, Walter S"]
[Black "Silman, Jeremy D"]
[Result "1-0"]
[WhiteElo "2535"]
[BlackElo "2410"]

1.d4 Nf6 2.c4 e6 3.Nf3 Bb4+ 4.Nbd2 O-O 5.a3 Be7 6.e4 d5 7.Qc2 c5 8.e5 Nfd7
9.Bd3 h6 10.O-O Nc6 11.cxd5 exd5 12.Re1 a5 13.Bf5 cxd4 14.Nb3 Qb6 15.e6 Nf6
16.exf7+ Rxf7 17.Bg6 Rf8 18.Nbxd4 Nxd4 19.Nxd4 Bc5 20.Nb3 Bd6 21.Be3 Qd8
22.h3 Bd7 23.Nd4 Rc8 24.Qd3 Bb8 25.Nf5 Be8 26.Bxe8 Rxe8 27.Nxh6+ gxh6 28.Qg6+ Kh8
29.Qxh6+ Kg8 30.Qg6+ Kh8 31.Bd4 Rf8 32.Re6 Rc6 33.Rae1  1-0

[Event "BUL-ch"]
[Site "Sofia"]
[Date "1989.??.??"]
[Round "14"]
[White "Topalov, Veselin"]
[Black "Panbukchian, Valentin"]
[Result "1-0"]
[WhiteElo "2395"]
[BlackElo "2215"]

1.d4 Nf6 2.Nf3 e6 3.c4 Bb4+ 4.Nbd2 d5 5.Qa4+ Nc6 6.a3 Bxd2+ 7.Bxd2 Ne4 8.Rd1 O-O
9.e3 Qe8 10.Qc2 a6 11.Bd3 f5 12.Bc1 b6 13.O-O Bb7 14.b4 Rc8 15.Qb3 Ne7 16.Ne5 dxc4
17.Qxc4 Nd5 18.f3 Nd6 19.Qc2 Qh5 20.Bd2 Rf6 21.Qc1 Rh6 22.h3 Rf6 23.Kh2 Rff8
24.a4 Qh4 25.b5 axb5 26.axb5 Nf6 27.Nc6 Rce8 28.Be1 Qh6 29.Bf2 g5 30.Bg3 g4
31.Bf4 Qh5 32.Be2 Rf7 33.Be5 gxh3 34.gxh3 Ref8 35.Rg1+ Kh8 36.Rg2 h6 37.Rdg1 Ne8
38.Nd8 Re7 39.Nxb7 Kh7 40.Qa3 Ref7 41.Nd8  1-0

[Event "Stavanger op"]
[Site "Stavanger"]
[Date "1989.??.??"]
[Round "2"]
[White "Gausel, Einar"]
[Black "Carlier, Bruno"]
[Result "1/2-1/2"]
[WhiteElo "2365"]
[BlackElo "2415"]

1.d4 Nf6 2.Nf3 e6 3.c4 Bb4+ 4.Nbd2 b6 5.e3 Bb7 6.Bd3 O-O 7.O-O c5 8.dxc5 Bxc5
9.b3 d5 10.Bb2 Nbd7 11.Qe2 Be7 12.Rac1 Nc5 13.Bb1 a5 14.Rfd1 Ra7 15.e4 dxe4
16.Nxe4 Qa8 17.Nxf6+ Bxf6 18.Bxf6 gxf6 19.Nh4 Be4 20.Rd4 Bxb1 21.Rxb1 Rd8
22.Qg4+ Kf8 23.Re1 Rad7 24.Rxd7 Rxd7 25.Qh5 Kg7 26.h3 Qd8 27.Qg4+ Kf8  1/2-1/2

[Event "SWE-FIN"]
[Site "?"]
[Date "1989.??.??"]
[Round "1"]
[White "Renman, Nils Gustaf"]
[Black "Raaste, Eero J"]
[Result "1/2-1/2"]
[WhiteElo "2410"]
[BlackElo "2375"]

1.d4 Nf6 2.Nf3 e6 3.c4 Bb4+ 4.Nbd2 d5 5.a3 Be7 6.Qc2 O-O 7.e4 dxe4 8.Nxe4 Nc6
9.Be3 Nxe4 10.Qxe4 f5 11.Qc2 f4 12.Bd2 Nxd4 13.Nxd4 Qxd4 14.O-O-O Qxf2 15.Bd3 Qh4
16.g3 Qh5 17.gxf4 Bd7 18.Rhg1 Bf6 19.Bc3 Bc6 20.Rg3 Qh6 21.Rdg1 Rf7 22.Bxf6 Rxf6
23.Rxg7+ Qxg7 24.Bxh7+ Kh8 25.Rxg7 Kxg7 26.Be4 Bxe4 27.Qxe4 c6 28.Qd4 Rf8
29.Qxa7 R8f7 30.Qd4 Kf8 31.Qd6+ Kg8 32.Kb1 Rxf4 33.Qxe6 Rf6 34.Qc8+ Kg7 35.Qg4+ Kf8
36.h4 Rf4 37.Qg5 Rxc4 38.h5 Re4 39.h6 Ree7 40.Ka2 Rd7 41.Qg4 Rfe7 42.Qg6 Rf7
43.a4 Rfe7 44.Kb3 Rf7 45.Kb4 Rfe7 46.Kc5 Rd5+ 47.Kb6 Rdd7 48.a5 Rf7 49.a6 bxa6
50.Qxc6 Kg8 51.Qg6+  1/2-1/2

[Event "SWZ-ch int+"]
[Site "?"]
[Date "1989.??.??"]
[Round "2"]
[White "Cebalo, Miso"]
[Black "Trepp, Markus"]
[Result "0-1"]
[WhiteElo "2485"]
[BlackElo "2375"]

1.d4 Nf6 2.Nf3 e6 3.c4 Bb4+ 4.Nbd2 d5 5.a3 Be7 6.g3 a5 7.Bg2 O-O 8.O-O Nbd7
9.b3 c5 10.Bb2 b6 11.cxd5 Nxd5 12.e4 N5f6 13.Re1 Bb7 14.e5 Nd5 15.Ne4 b5
16.Rc1 Rc8 17.Qe2 c4 18.bxc4 bxc4 19.Rxc4 Rxc4 20.Qxc4 Qb6 21.Qa2 Rc8 22.Ba1 Ba6
23.Nfd2 Bd3 24.Nc5 Nxc5 25.dxc5 Qxc5 26.Qb3 Qb5 27.a4 Qxb3 28.Nxb3 Bb4 29.Rd1 Bc2  0-1

[Event "Sydney"]
[Site "Sydney"]
[Date "1989.??.??"]
[Round "9"]
[White "Johansen, Darryl K"]
[Black "Gedevanishvili, Dmitry"]
[Result "1-0"]
[WhiteElo "2420"]
[BlackElo "2410"]

1.d4 Nf6 2.Nf3 e6 3.c4 Bb4+ 4.Nbd2 d5 5.Qa4+ Nc6 6.a3 Be7 7.e3 O-O 8.Bd3 a6
9.O-O dxc4 10.Qxc4 Bd7 11.Qc2 a5 12.e4 h6 13.Nc4 a4 14.Qe2 Nh7 15.e5 Ng5
16.Bxg5 hxg5 17.Qe4 g6 18.Ne3 Na5 19.Qg4 Kg7 20.Rad1 Rh8 21.Be4 Ra6 22.Qg3 Bb5
23.Rfe1 c6 24.Ng4 Rh5 25.h3 Bc4 26.Nd2 Bd5 27.Qc3 Nb3 28.Bxd5 Qxd5 29.Ne4 Rh8
30.Qe3 Raa8 31.Nef6 Qc4 32.Rd3 Rad8 33.Red1 Kf8 34.Ne4 Rh5 35.Ngf6 Rh8 36.Nxg5 Bxf6
37.exf6 Qd5 38.Qg3 Rh5 39.h4 Kg8 40.Qc7 Qd7 41.Qf4 Na5 42.g4 Rh8 43.Nf3 Nc4
44.d5 Nxb2 45.R3d2 Nxd1 46.dxe6 Qc8 47.Rxd8+ Qxd8 48.e7 Qe8 49.Qd2  1-0

[Event "Tarrassa"]
[Site "Tarrassa"]
[Date "1989.??.??"]
[Round "?"]
[White "Cramling, Pia"]
[Black "Ivanovic, Bozidar"]
[Result "1/2-1/2"]
[WhiteElo "2480"]
[BlackElo "2530"]

1.d4 Nf6 2.c4 e6 3.Nf3 Bb4+ 4.Nbd2 d5 5.a3 Be7 6.e3 b6 7.Bd3 Bb7 8.b4 dxc4
9.Nxc4 O-O 10.O-O a6 11.Qe2  1/2-1/2

[Event "URS-ch U26"]
[Site "Tbilisi"]
[Date "1989.??.??"]
[Round "?"]
[White "Ruban, Vadim"]
[Black "Rozentalis, Eduardas"]
[Result "1/2-1/2"]
[WhiteElo "2420"]
[BlackElo "2485"]

1.d4 Nf6 2.c4 e6 3.Nf3 Bb4+ 4.Nbd2 O-O 5.a3 Bxd2+ 6.Bxd2 Ne4 7.Be3 d6 8.Qc2 f5
9.g3 Nd7 10.Bg2 Qe7 11.O-O Ndf6 12.b4 Ng4 13.Bc1 Bd7 14.Nd2 Nxd2 15.Bxd2 Rab8
16.e4 fxe4 17.Bxe4 Nf6 18.Bg2 Qf7 19.a4 e5 20.dxe5 dxe5 21.Bg5 Be6 22.Bxf6 Qxf6
23.b5 b6 24.c5 Rbd8 25.Ra3 Bf5 26.Be4 Bxe4 27.Qxe4 Rd4 28.Qc2 Qe6 29.cxb6 cxb6
30.Rc3 e4 31.Rd1  1/2-1/2

[Event "URS-ch U26"]
[Site "Tbilisi"]
[Date "1989.??.??"]
[Round "?"]
[White "Shirov, Alexei"]
[Black "Ulibin, Mikhail"]
[Result "1/2-1/2"]
[WhiteElo "2450"]
[BlackElo "2445"]

1.d4 e6 2.Nf3 Nf6 3.c4 Bb4+ 4.Nbd2 b6 5.a3 Bxd2+ 6.Bxd2 Bb7 7.Bg5 h6 8.Bh4 d6
9.e3 Nbd7 10.Bd3 g5 11.Bg3 h5 12.h3 Rg8 13.Rc1 a5 14.b4 axb4 15.axb4 Ra3
16.c5 bxc5 17.bxc5 dxc5 18.dxc5 h4 19.c6 Bxc6 20.Nd4 Ba4 21.Bc2 c5 22.O-O hxg3
23.Bxa4 cxd4 24.Qxd4 Nd5 25.fxg3 Qb6 26.Rc8+ Ke7 27.Bxd7 Rxc8 28.Bxc8 Rxe3
29.Qxb6 Nxb6 30.Bb7 Nc4 31.Bf3 Nd2 32.Ra1 f5 33.Ra7+ Kf6 34.Ra5 Rd3 35.Kf2 Rd8
36.Ra2 Nc4 37.g4 f4 38.g3 Ne5 39.gxf4 gxf4 40.Re2 Ng6 41.g5+ Kxg5 42.Rxe6  1/2-1/2

[Event "URS-ch U26"]
[Site "Tbilisi"]
[Date "1989.??.??"]
[Round "?"]
[White "Ruban, Vadim"]
[Black "Ulibin, Mikhail"]
[Result "1/2-1/2"]
[WhiteElo "2420"]
[BlackElo "2445"]

1.d4 e6 2.c4 Nf6 3.Nf3 Bb4+ 4.Nbd2 O-O 5.a3 Be7 6.e4 d5 7.e5 Nfd7 8.cxd5 exd5
9.Be2 c5 10.dxc5 a5 11.Nb3 a4 12.Nbd4 Nxc5 13.O-O Nc6 14.Be3 Bg4 15.Nxc6 bxc6
16.Rc1 Ne6 17.Nd4 Bxe2 18.Qxe2 Nxd4 19.Bxd4 Rc8 20.Qe3 Qd7 21.Rfd1 Rfe8 22.f4 Qf5
23.Qf2 f6 24.Re1 fxe5 25.Rxe5 Qf7 26.g3 h6 27.Re2 Bf6 28.Rxe8+ Rxe8 29.Be5 Qh5
30.Rxc6 Bxe5 31.fxe5 Qxe5 32.Rc2 Qe4 33.Rd2 Rc8 34.Qe2 Rc1+ 35.Kf2 Qh1 36.Qe6+ Kh8
37.Qxd5 Qf1+ 38.Ke3 Re1+ 39.Kd4 Qf6+ 40.Kc4 Rc1+ 41.Kb4 Rc8 42.Kxa4 Qb6 43.b4 Qa6+
44.Kb3 Ra8 45.Qa5  1/2-1/2

[Event "Val Maubuee op"]
[Site "Val Maubuee"]
[Date "1989.??.??"]
[Round "?"]
[White "Fayard, Alain"]
[Black "Pira, Davoud"]
[Result "0-1"]
[WhiteElo "2230"]
[BlackElo "2355"]

1.d4 Nf6 2.c4 e6 3.Nf3 Bb4+ 4.Nbd2 O-O 5.a3 Bxd2+ 6.Bxd2 Ne4 7.Bf4 b6 8.e3 Bb7
9.Bd3 f5 10.Qc2 d6 11.O-O-O Nd7 12.h3 Qe7 13.Rhg1 e5 14.Bh2 g6 15.g4 Nxf2
16.Qxf2 e4 17.Qh4 Rae8 18.gxf5 exd3 19.fxg6 Qxh4 20.Nxh4 Rxe3 21.gxh7+ Kxh7
22.Ng6 Rf2 23.Bf4 Rc2+ 24.Kb1 Ree2 25.Bc1 Be4 26.Nf4 Rxc4 27.Ka1 Rf2 28.Nxd3 Rf3
29.Nb4 c5 30.Na2 cxd4 31.Nb4 a5 32.Rg4 Nf6 33.Rh4+ Kg6 34.Na2 d5 35.Rh8 Rg3
36.Rf1 Rf3 37.Rg1+ Kf7 38.Rb8 Rc6 39.Rb7+ Ke6 40.Rgg7 Rf1 41.Rge7+ Kf5  0-1

[Event "Warsaw op"]
[Site "Warsaw"]
[Date "1989.??.??"]
[Round "?"]
[White "Petrosian, Arshak B"]
[Black "Yanvarjov, Igor"]
[Result "0-1"]
[WhiteElo "2475"]
[BlackElo "2360"]

1.d4 Nf6 2.Nf3 e6 3.c4 Bb4+ 4.Nbd2 c5 5.a3 Bxd2+ 6.Qxd2 b6 7.b4 O-O 8.Bb2 Bb7
9.e3 Ne4 10.Qc2 f5 11.Bd3 cxb4 12.axb4 Nc6 13.Ba3 b5 14.d5 Ne7 15.dxe6 dxe6
16.Nd4 Nc6 17.Nxc6 Bxc6 18.O-O Qg5 19.cxb5 Bd5 20.f4 Qg6 21.Rfc1 Nc3 22.Bf1 Rac8
23.Bb2 Be4 24.Qd2 Nd5 25.Rxa7 Nf6 26.Rxc8 Rxc8 27.Qd6 Ne8 28.Qe5 Bxg2 29.Bc3 Bd5+
30.Kf2 Qg4 31.Be2 Qg2+ 32.Ke1 Nf6 33.Rxg7+ Qxg7 34.Qxf6 Rxc3 35.Qd8+ Qf8  0-1

[Event "Legion op"]
[Site "Warsaw"]
[Date "1989.??.??"]
[Round "2"]
[White "Gruenberg, Hans Ulrich"]
[Black "Rotstein, Arkadij"]
[Result "1/2-1/2"]
[WhiteElo "2475"]
[BlackElo "2420"]

1.d4 Nf6 2.c4 e6 3.Nf3 Bb4+ 4.Nbd2 O-O 5.a3 Be7 6.g3 b6 7.Bg2 Bb7 8.Qc2 d5
9.O-O c5 10.cxd5 exd5 11.Ne5 Nbd7 12.Ndf3 Nxe5 13.Nxe5 cxd4 14.Nc6 Bxc6 15.Qxc6 Ne4
16.Bxe4 dxe4 17.Qxe4 Re8 18.Qf3 Bf6 19.Bf4 Qe7 20.Rfe1 Rac8 21.Rac1 Rxc1
22.Bxc1 h5 23.Bd2 h4 24.Qf5 Qc5 25.Qd3 h3 26.g4 Bg5 27.f4 Bh4 28.Rc1 Qe7
29.Kf1 Qb7 30.Qf3 Qxf3+ 31.exf3 d3 32.Be1 Bf6 33.Rd1 Re2 34.Bf2 Rxb2 35.Rxd3 Ra2
36.g5 Be7 37.Rd7 Bc5 38.Bxc5 bxc5 39.Rxa7 Rxh2 40.Rc7 Rc2 41.Kg1 Rc3 42.f5 Rxf3
43.g6 fxg6 44.fxg6  1/2-1/2

[Event "Legion op"]
[Site "Warsaw"]
[Date "1989.??.??"]
[Round "2"]
[White "Kaplun, Leonid I"]
[Black "Adamski, Jan"]
[Result "1-0"]
[WhiteElo "2335"]
[BlackElo "2435"]

1.d4 Nf6 2.Nf3 e6 3.c4 Bb4+ 4.Nbd2 O-O 5.a3 Be7 6.e3 c5 7.Bd3 b6 8.O-O cxd4
9.exd4 d5 10.b3 Bb7 11.Qe2 Nbd7 12.Bb2 Rc8 13.Ne5 dxc4 14.bxc4 Nxe5 15.dxe5 Nd7
16.Ne4 Nc5 17.Nf6+ Bxf6 18.Bxh7+ Kxh7 19.Qh5+ Kg8 20.exf6 e5 21.Bxe5 Ne6
22.Rad1 g6 23.Qh6 Qe8 24.Rd6 Qc6 25.Rxc6 Rxc6 26.Re1 Ba8 27.h4 Rd8 28.h5 gxh5
29.Re3 Rxc4 30.Qxh5 Be4 31.Rh3 Rc1+ 32.Kh2  1-0

[Event "JUG-chT"]
[Site "Zlatibor"]
[Date "1989.??.??"]
[Round "?"]
[White "Lalic, Bogdan"]
[Black "Cebalo, Miso"]
[Result "0-1"]
[WhiteElo "2500"]
[BlackElo "2485"]

1.d4 Nf6 2.c4 e6 3.Nf3 Bb4+ 4.Nbd2 b6 5.a3 Bxd2+ 6.Qxd2 Bb7 7.e3 O-O 8.Be2 Ne4
9.Qc2 f5 10.O-O Rf6 11.Rd1 d6 12.b4 Nd7 13.c5 Bd5 14.Bc4 Rh6 15.Bxd5 exd5
16.cxd6 cxd6 17.Qb3 Ndf6 18.Bd2 Qe8 19.Be1 Qh5 20.h3 g5 21.Nh2 g4 22.f3 gxf3
23.Nxf3 Kh8 24.Bh4 Rg8 25.Rf1 Ng3 26.Bxf6+ Rxf6 27.Qxd5 Nxf1 28.Kxf1 Qe8
29.Qb3 Qe4 30.d5 Re8 31.Re1 Rg6 32.Re2 Rc8 33.Kf2 h6 34.Ne1 Kh7 35.Rd2 Qe5
36.Qd3 Rc3 37.Qd4 Qg3+ 38.Ke2 Rxa3 39.Rc2 Rg7 40.Rc8 Ra2+ 41.Kd1 Qf2  0-1

[Event "JUG-chT"]
[Site "Zlatibor"]
[Date "1989.??.??"]
[Round "?"]
[White "Kostic, Vladimir"]
[Black "Raicevic, Ivica"]
[Result "1/2-1/2"]
[WhiteElo "2350"]
[BlackElo "2325"]

1.d4 e6 2.Nf3 Nf6 3.c4 Bb4+ 4.Nbd2 O-O 5.a3 Be7 6.e3 b6 7.Bd3 Bb7 8.b3 c5
9.Bb2 d5 10.O-O Nbd7  1/2-1/2

[Event "Zug"]
[Site "Zug"]
[Date "1989.??.??"]
[Round "?"]
[White "Hug, Marcel"]
[Black "Brunner, Lucas"]
[Result "1/2-1/2"]
[WhiteElo "2200"]
[BlackElo "2505"]

1.d4 Nf6 2.c4 e6 3.Nf3 Bb4+ 4.Nbd2 b6 5.a3 Bxd2+ 6.Bxd2 Bb7 7.g3 d6 8.Bg2 Nbd7
9.O-O O-O 10.b4 Qe7 11.Qc2 c5 12.Rfd1 Rfc8 13.Rac1 a6 14.dxc5 bxc5 15.Qb3 Be4
16.Ne1 Rcb8 17.Bf4 e5 18.Bg5 Bxg2  1/2-1/2

[Event "JUG-chT FL"]
[Site "Arandjelovac"]
[Date "1990.??.??"]
[Round "8"]
[White "Nikcevic, Nebojsa"]
[Black "Todorovic, Goran N"]
[Result "1-0"]
[WhiteElo "2365"]
[BlackElo "2390"]

1.d4 Nf6 2.c4 e6 3.Nf3 Bb4+ 4.Nbd2 O-O 5.a3 Bxd2+ 6.Qxd2 a5 7.Qc2 d5 8.Bg5 Nbd7
9.e3 h6 10.Bh4 b6 11.cxd5 exd5 12.Qc6 Ra7 13.Rc1 Re8 14.Bd3 Re6 15.Qxd5 g5
16.Bxg5 hxg5 17.Qxg5+ Kf8 18.Bf5 Re8 19.O-O Ng8 20.Qf4 Qf6 21.Ng5 Qd6 22.Qf3 Ndf6
23.Bxc8 Rxc8 24.Rc6 Qe7 25.Rfc1 Rd8 26.Qg3 Rd7 27.h3 Rd6 28.e4 Rxc6 29.Rxc6 Qe8
30.d5 Qd8 31.f3 Ke8 32.Qf4 Qe7 33.Kh2 Kd8 34.Qf5 Ke8 35.Qc8+ Qd8 36.Qxd8+ Kxd8
37.Nxf7+ Ke7 38.Ne5 Ra8 39.g4 Re8 40.Ng6+ Kd7 41.Nf4 Re7 42.g5 Ne8 43.Rg6 Rf7
44.Rxg8 Rxf4 45.Kg3 Rf7 46.h4  1-0

[Event "URS-ch qual"]
[Site "Ashkhabad"]
[Date "1990.??.??"]
[Round "?"]
[White "Solozhenkin, Evgeniy"]
[Black "Sokolov, Sergey M"]
[Result "1-0"]
[WhiteElo "2420"]
[BlackElo "2370"]

1.d4 e6 2.Nf3 Nf6 3.c4 Bb4+ 4.Nbd2 d5 5.Qa4+ Nc6 6.a3 Bxd2+ 7.Bxd2 O-O 8.e3 Ne4
9.Rd1 Nxd2 10.Rxd2 Bd7 11.Qc2 a5 12.Bd3 h6 13.e4 a4 14.O-O Na5 15.h3 dxc4
16.Bxc4 Qe7 17.Ba2 Rfc8 18.Re1 c5 19.d5 exd5 20.exd5 Qf6 21.Ne5 Re8 22.Rde2 Bb5
23.Re3 c4 24.Bb1 g6 25.Qc3 Nb3 26.Rf3 Qh8 27.Rfe3 Rad8 28.Qb4 Ba6 29.Nxg6  1-0

[Event "Bela Crkva op"]
[Site "Bela Crkva"]
[Date "1990.??.??"]
[Round "2"]
[White "Annageldiev, Orazly"]
[Black "Sakhatova, Elvira"]
[Result "1-0"]
[WhiteElo "2395"]
[BlackElo "2190"]

1.d4 Nf6 2.c4 e6 3.Nf3 Bb4+ 4.Nbd2 d5 5.e3 O-O 6.a3 Be7 7.Be2 Nbd7 8.O-O dxc4
9.Nxc4 c5 10.Qc2 cxd4 11.Nxd4 a6 12.b4 Qc7 13.Bf3 Ne5 14.Nxe5 Qxe5 15.Bb2 Qg5
16.Qc7 Ne8 17.Qg3 Qh6 18.Ne2 Nd6 19.Qf4 Qxf4 20.Nxf4 Nc4 21.Bc3 Rd8 22.Ra2 a5
23.bxa5 Nxa5 24.Rb1 Bd7 25.Bb4 Bxb4 26.axb4 Nc6 27.Rxa8 Rxa8 28.Nd3 Rd8 29.Nc5 Bc8
30.b5 Na5 31.Ra1 b6 32.Na4 Bb7 33.Nxb6 Nb3 34.Ra7 Nc5 35.Kf1 Bxf3 36.gxf3 g5
37.Rc7 Nd3 38.Nd7 Nb4 39.e4  1-0

[Event "Belgrade-A"]
[Site "Belgrade"]
[Date "1990.??.??"]
[Round "4"]
[White "Nestorovic, Dejan"]
[Black "Ajanski, Jordan S"]
[Result "1-0"]
[WhiteElo "2295"]
[BlackElo "2350"]

1.d4 Nf6 2.Nf3 e6 3.c4 Bb4+ 4.Nbd2 d5 5.a3 Bxd2+ 6.Bxd2 Nc6 7.Bg5 h6 8.Bh4 g5
9.Bg3 Ne4 10.e3 h5 11.Ne5 Nxe5 12.Bxe5 f6 13.f3 Nd6 14.Bxd6 Qxd6 15.Qc2 f5
16.cxd5 exd5 17.Bd3 Rf8 18.h4 g4 19.fxg4 hxg4 20.O-O Qe7 21.g3 Be6 22.Rae1 O-O-O
23.Bxf5 Kb8 24.Re2 a6 25.Rf4 Rf6 26.Bd3 Bc8 27.Qc5 Rdd6 28.Qc1 Rfe6 29.Bf5 Rc6
30.Qd2 Rf6 31.Bxc8 Kxc8 32.Ref2 Rxf4 33.Rxf4 Kb8 34.Rxg4 Qe6 35.Qe2 Qf5 36.e4 dxe4
37.Rxe4 Qh3 38.Qf2 Qd7 39.d5 Rb6 40.Qd4 Qf5 41.d6 Qd7 42.Re7 Qxd6 43.Qxd6 Rxd6
44.h5 Kc8 45.Kf2 Kd8 46.Re4 c5 47.g4 b5 48.Kf3 c4 49.g5 Rd5 50.g6  1-0

[Event "Belgrade-B"]
[Site "Belgrade"]
[Date "1990.??.??"]
[Round "9"]
[White "Sekulic, Dusan"]
[Black "Kosanovic, Dragan"]
[Result "1-0"]
[WhiteElo "2295"]
[BlackElo "2245"]

1.d4 Nf6 2.c4 e6 3.Nf3 Bb4+ 4.Nbd2 b6 5.e3 Bb7 6.a3 Bxd2+ 7.Qxd2 O-O 8.Be2 d6
9.O-O Nbd7 10.Ne1 Ne4 11.Qc2 f5 12.f3 Ng5 13.Bd3 Qf6 14.Bd2 Qh6 15.d5 Nc5
16.dxe6 Qxe6 17.Be2 Qg6 18.b4 Nce4 19.fxe4 fxe4 20.h4 Rxf1+ 21.Bxf1 Nh3+
22.Kh2 Rf8 23.Be2 Rf2 24.c5 Qf6 25.Kxh3 Qe5 26.Qc3 Bc8+ 27.Bg4 Bxg4+ 28.Kxg4 Qh2
29.Qc4+ Kh8 30.Qxe4 h5+ 31.Kxh5 Rf6 32.Kg4 Rh6 33.g3 Qxd2 34.Nf3 Qe2 35.Re1 Qb5
36.Qa8+  1-0

[Event "Neukoelln"]
[Site "Berlin"]
[Date "1990.??.??"]
[Round "2"]
[White "Spacek, Petr"]
[Black "Pedzich, Dominik"]
[Result "1/2-1/2"]
[WhiteElo "2410"]
[BlackElo "2405"]

1.d4 Nf6 2.c4 e6 3.Nf3 Bb4+ 4.Nbd2 O-O 5.a3 Be7 6.e4 d5 7.e5 Nfd7 8.Be2 c5
9.dxc5 a5 10.cxd5 exd5 11.Nb3 a4 12.Nbd4 Nxc5 13.O-O Re8 14.Be3 Qb6 15.Rc1 Bd7
16.Qc2 Nba6 17.Rfd1 Rac8 18.Nf5 Bxf5 19.Qxf5 Qxb2 20.Bxa6 g6 21.Qh3 bxa6
22.Bg5 Bf8 23.Nd4 Ne4 24.Rxc8 Qxf2+ 25.Kh1 Qxd4 26.Rxd4 Nf2+ 27.Kg1 Nxh3+
28.gxh3 Rxc8 29.Rxa4 Bg7 30.Rxa6 Bxe5 31.a4 Kg7 32.a5 h6 33.Bd2 Rc2 34.Bb4 d4
35.Ra8 d3 36.Rd8 Bc3 37.Bxc3+ Rxc3 38.a6 Ra3 39.a7 Rxa7 40.Rxd3 Ra2 41.Rd6 Re2
42.Ra6 h5 43.Ra7 Kf6 44.Rb7 Ke6 45.Ra7 f6 46.Ra5 f5 47.Ra6+ Kf7 48.Rb6 Kg7
49.Ra6 Kh6 50.Rb6 Ra2 51.Rc6 Rb2 52.Ra6 Rc2 53.Rb6 Rd2 54.Ra6 Rb2 55.Rc6 Ra2
56.Rb6 Ra4 57.Kg2 Kg5 58.Rc6 Rb4 59.Ra6 Rc4 60.Rb6 Re4 61.Ra6 Re2+ 62.Kg1 h4
63.Ra4 Re4 64.Ra3 Rd4 65.Ra2 Rd3 66.Kg2 Kf4 67.Re2 Rc3 68.Rf2+ Ke4 69.Re2+ Re3
70.Ra2 Rd3 71.Re2+ Kf4 72.Rf2+ Ke3 73.Rf3+ Ke4 74.Rf2 f4 75.Re2+ Kf5 76.Ra2 g5
77.Ra5+ Ke4 78.Rxg5 Rd2+ 79.Kh1 Ke3 80.Rg1 Re2 81.Ra1 Rc2  1/2-1/2

[Event "Biel-C"]
[Site "Biel"]
[Date "1990.??.??"]
[Round "6"]
[White "Danner, Georg"]
[Black "Klauser, Markus"]
[Result "1-0"]
[WhiteElo "2330"]
[BlackElo "2310"]

1.d4 Nf6 2.c4 e6 3.Nf3 Bb4+ 4.Nbd2 O-O 5.e3 c5 6.Bd3 cxd4 7.exd4 d5 8.O-O Be7
9.b3 a5 10.Bb2 a4 11.Rc1 Nc6 12.Bb1 axb3 13.axb3 Nb4 14.Re1 b6 15.Ne5 Bb7
16.Re3 Na2 17.Rc2 Nb4 18.Rcc3 dxc4 19.Rh3 g6 20.Ndxc4 b5 21.Ne3 Rc8 22.Rxc8 Qxc8
23.d5 Nbxd5 24.Nxd5 exd5 25.Bd4 Ne4 26.Re3 Bg5 27.Rd3 b4 28.Nf3 Bh6 29.Be3 Bg7
30.Bd4 Nc3 31.Qe1 Re8 32.Re3 Rxe3 33.fxe3 Ba6 34.Bc2 Bb5 35.Bxg7 Kxg7 36.Nd4 Qg4
37.Nf3 Be2 38.h3 Qe6 39.Nd4 Qf6  1-0

[Event "Biel op"]
[Site "Biel"]
[Date "1990.??.??"]
[Round "11"]
[White "Puri, Vinny"]
[Black "Franzoni, Giancarlo"]
[Result "0-1"]
[WhiteElo "2255"]
[BlackElo "2455"]

1.d4 Nf6 2.c4 e6 3.Nf3 Bb4+ 4.Nbd2 b6 5.g3 Bb7 6.Bg2 O-O 7.O-O Bxd2 8.Qxd2 Be4
9.b3 d6 10.Bb2 Nbd7 11.Rfd1 Qe7 12.Qc3 h6 13.d5 e5 14.Bh3 Bh7 15.Nd2 Ne8
16.f4 exf4 17.gxf4 Nc5 18.Kh1 Be4+ 19.Nxe4 Qxe4+ 20.Bg2 Qxf4 21.Rd4 Qe5 22.Qd2 f5
23.Rg1 Qe7 24.Bf3 Kh7 25.Bh5 g5 26.h4 Ne4 27.Qe3 N8f6 28.Bf3 Ng3+ 29.Rxg3 Qxe3
30.hxg5 Ne4 31.g6+ Kg8 32.Rxe4 fxe4 33.g7 Rxf3  0-1

[Event "Elekes mem"]
[Site "Budapest"]
[Date "1990.??.??"]
[Round "1"]
[White "Roeder, Mathias"]
[Black "Foldi, Istvan"]
[Result "1/2-1/2"]
[WhiteElo "2450"]
[BlackElo "2350"]

1.d4 Nf6 2.Nf3 e6 3.c4 Bb4+ 4.Nbd2 O-O 5.a3 Bxd2+ 6.Bxd2 Ne4 7.g3 Nxd2 8.Qxd2 d6
9.Bg2 Qe7 10.O-O e5 11.e4 Bg4 12.d5 Nd7 13.b4 a5 14.Qc3 b6 15.Nd2 Bh5 16.Nb3 a4
17.Nd2 f5 18.exf5 Rxf5 19.Rae1 Raf8 20.f4 g5 21.fxg5 Rxf1+ 22.Rxf1 Rxf1+
23.Bxf1 Qxg5 24.Ne4 Qg4 25.Qe3 Bg6 26.Ng5 Qd4 27.Qxd4 exd4 28.Nf3 d3 29.Bh3 Ne5
30.Nd2 Bf7 31.Kf2 b5 32.cxb5 Bxd5 33.Ke3 Kg7 34.Bf5 Bc4 35.Nxc4 Nxc4+ 36.Kxd3 Nxa3
37.Bd7 d5 38.b6 cxb6 39.Bxa4 Kf6 40.Kd4 Ke6 41.g4 h6 42.h4 Kd6 43.g5 hxg5
44.hxg5 Ke6 45.g6 Kf6 46.Kxd5 b5 47.Bb3 Kxg6 48.Kd4 Kf6 49.Kc3 Ke5 50.Kb2 Nc4+
51.Bxc4 bxc4 52.Kc3 Kd5 53.b5 Kc5 54.b6 Kxb6 55.Kxc4  1/2-1/2

[Event "Spring op"]
[Site "Budapest"]
[Date "1990.??.??"]
[Round "2"]
[White "Lehmann, Heinz Dr"]
[Black "Horvath, Gyula"]
[Result "1/2-1/2"]
[WhiteElo "2285"]
[BlackElo "2440"]

1.d4 Nf6 2.c4 e6 3.Nf3 Bb4+ 4.Nbd2 b6 5.e3 Bb7 6.Bd3 O-O 7.O-O c5 8.a3 Bxd2
9.Bxd2 d6 10.Bc3 Ne4 11.Bxe4 Bxe4 12.dxc5 dxc5 13.Nd2 Bg6 14.Qf3 Nd7 15.Rfd1 Qh4
16.Qg3 Qxg3 17.hxg3 Bc2 18.Re1 Rfd8 19.e4 Ne5 20.Rec1 Ba4 21.b3 Bc6 22.f3 Ng6
23.Nf1 Rd3 24.Ra2 Rad8 25.Rd2 Rxd2 26.Nxd2 f6 27.Kf2 Kf7 28.Ke2 h5 29.Ke3 h4
30.gxh4 Nxh4 31.g3 Ng6 32.Rh1 e5 33.Ke2 b5 34.Ba5 Rd7 35.Rc1 Nf8 36.cxb5 Bxb5+
37.Ke1 Ne6 38.b4 c4 39.a4 Bxa4 40.Rxc4 Rd3 41.Rc8 Bb5 42.Ra8 a6 43.Ra7+ Kg8
44.Bb6 Nd4 45.Bxd4 Rxd4 46.Nb3 Rd3 47.Nd2 Rc3 48.f4 Rc1+ 49.Kf2 Rc2 50.Ke1 Rc1+
51.Kf2 Rc2 52.Ke1 exf4 53.gxf4 Rb2 54.Kd1 Rxb4 55.Kc2 Rd4 56.Ra8+ Kh7 57.Ra7 f5
58.Nf3 Rc4+ 59.Kd2 fxe4 60.Ng5+ Kg6 61.Ke3 Bc6 62.Rxa6 Kf5 63.Ra5+ Kg4 64.Ne6 Rc3+
65.Ke2 Bd7 66.Rg5+ Kh4 67.Re5 Bxe6 68.Rxe6 Kg4 69.Rxe4 Rg3  1/2-1/2

[Event "Spring op"]
[Site "Budapest"]
[Date "1990.??.??"]
[Round "3"]
[White "Ionov, Sergey"]
[Black "Fradkin, Boris"]
[Result "1-0"]
[WhiteElo "2480"]
[BlackElo "2375"]

1.d4 Nf6 2.Nf3 e6 3.c4 Bb4+ 4.Nbd2 c5 5.a3 Bxd2+ 6.Qxd2 b6 7.e3 Bb7 8.Be2 O-O
9.O-O d6 10.b4 Nbd7 11.Bb2 Qe7 12.Rfd1 Ne4 13.Qd3 f5 14.dxc5 bxc5 15.Nd2 Qh4
16.Rf1 Ndf6 17.Nxe4 Nxe4 18.f3 Qg5 19.Rad1 Rad8 20.Qb3 Nf6 21.bxc5 Rb8 22.Qc3 dxc5
23.Qe5 Kh8 24.Bc3 Be4 25.fxe4 Qxe3+ 26.Rf2 Qxe4 27.Qxc5 Rfc8 28.Qe7 Re8 29.Qxa7 e5
30.Bd3 Qg4 31.Rdf1 Ra8 32.Qc7 Rac8 33.Qf7 f4 34.Re1 Qg5 35.Qb7 Rcd8 36.Qf3 Ng4
37.Rfe2 Re6 38.h3 Ne3 39.Rxe3 fxe3 40.Qxe3 Qxe3+ 41.Rxe3 Red6 42.Be4 Rd1+
43.Kh2 Rc1 44.Bd5  1-0

[Event "Spring op"]
[Site "Budapest"]
[Date "1990.??.??"]
[Round "4"]
[White "Foldi, Istvan"]
[Black "Ionov, Sergey"]
[Result "0-1"]
[WhiteElo "2350"]
[BlackElo "2480"]

1.d4 Nf6 2.c4 e6 3.Nf3 Bb4+ 4.Nbd2 O-O 5.g3 d5 6.cxd5 exd5 7.Bg2 Re8 8.O-O Nbd7
9.Ne1 Nf8 10.Nd3 Bd6 11.Nf3 Ng6 12.Be3 c6 13.Nde5 Nxe5 14.dxe5 Bxe5 15.Nxe5 Rxe5
16.Bxa7 b6 17.Qd4 Nd7 18.f4 Rxe2 19.Qa4 Bb7 20.Rae1 Rxb2 21.Qa3 Rxg2+ 22.Kxg2 c5
23.Rf2 d4+ 24.Kg1 Nf6 25.Re5 Qd7 26.h3 Qxh3 27.Rh2 Qg4 28.Qd3 c4 29.Qd2 Qxg3+
30.Kf1 Ng4 31.Rf2 Nxe5 32.fxe5 Qh3+ 33.Ke1 Qh1+  0-1